000 00646nam a2200229Ia 4500
003 OSt
005 20220926000322.0
006 a|||||r|||| 00| 0
007 ta
008 220923b |||||||| |||| 00| 0 eng d
037 _cGeneral Book
040 _aRTL
_cRTL
_beng
041 _2eng
_aeng
082 _aU.4447.N8, M8
100 _aMisra H N
_944987
245 0 _aBhutan
_bProblems and policies
260 _a New Delhi
_bHeritage Publishers India
_c1988
300 _a153p. Bib p. 141-43
_ccm.
650 _aGeography- Asia
_9237597
942 _hU.4447.N8, M8
_cGB
_2CC
999 _c598781
_d598781